[Event "CZE-chT2C 1718"]
[Site "Czech Republic"]
[Date "2017.11.05"]
[Round "2.4"]
[White "Pokorny, Petr"]
[Black "Kotal, Vaclav"]
[Result "1/2-1/2"]
[WhiteElo "2138"]
[BlackElo "2044"]
[PlyCount "92"]
[EventDate "2017.10.15"]
[EventType "team-tourn"]
[EventRounds "11"]
[EventCountry "CZE"]
[SourceTitle "EXT 2022"]
[Source "ChessBase"]
[SourceDate "2021.10.06"]
[SourceVersion "1"]
[SourceVersionDate "2021.10.06"]
[SourceQuality "1"]
[WhiteTeam "Unichess Vyletna"]
[BlackTeam "Ceske Budejovice"]
[WhiteTeamCountry "CZE"]
[BlackTeamCountry "CZE"]

1. d4 Nf6 2. c4 e6 3. Nc3 Bb4 4. Qc2 d5 5. cxd5 c5 6. dxc6 Qxd4 7. Nf3 Qd6 8. g3 Nxc6 9. Bf4 e5 10. Rd1 Nd5 11. e4 exf4 12. exd5 Ne7 13. Bg2 0-0 14. 0-0 Bf5 15. Qb3 fxg3 16. hxg3 Bc5 17. Nd4 Bb6 18. Ncb5 Qg6 19. Rfe1 Nc8 20. d6 Bg4 21. Nf3 Be6 22. Qd3 Qxg3 23. Nbd4 Qxd6 24. Ng5 g6 25. Ngxe6 fxe6 26. Rxe6 Qd7 27. Qb3 Qf7 28. Rxg6+ Kh8 29. Qxf7 Rxf7 30. Rg4 Nd6 31. Bd5 Rf6 32. Kg2 Raf8 33. f3 Rf4 34. Rxf4 Rxf4 35. Ne2 Rf6 36. f4 Nf5 37. Kf3 Ne3 38. Rd3 Nxd5 39. Rxd5 Kg7 40. Ng3 Rf7 41. Nf5+ Kf8 42. Nd6 Rd7 43. Rf5+ Kg8 44. Rg5+ Kf8 45. Rf5+ Kg8 46. Rg5+ Kf8 1/2-1/2

[Event "CZE-chT 1617"]
[Site "Czech Republic"]
[Date "2017.04.02"]
[Round "11.5"]
[White "Jansa, Vlastimil"]
[Black "Pokorny, Petr"]
[Result "1-0"]
[WhiteElo "2409"]
[BlackElo "2184"]
[PlyCount "83"]
[EventDate "2016.10.08"]
[EventType "team-tourn"]
[EventRounds "11"]
[EventCountry "CZE"]
[SourceTitle "CBM 177 Extra"]
[Source "ChessBase"]
[SourceDate "2017.04.27"]
[SourceVersion "1"]
[SourceVersionDate "2017.04.27"]
[SourceQuality "1"]
[WhiteTeam "Lysa nad Labem"]
[BlackTeam "Unichess"]
[WhiteTeamCountry "CZE"]
[BlackTeamCountry "CZE"]

1. e4 e5 2. Nf3 Nf6 3. Nxe5 d6 4. Nf3 Nxe4 5. Bd3 Nf6 6. 0-0 Be7 7. h3 0-0 8. c3 Re8 9. Bc2 b6 10. d4 Ba6 11. Re1 Bf8 12. Bg5 Rxe1+ 13. Qxe1 Qe7 14. Bxf6 Qxe1+ 15. Nxe1 gxf6 16. Nd2 d5 17. Nef3 Nc6 18. Re1 Ne7 19. Nh2 Ng6 20. Ng4 Kg7 21. Nf1 Bxf1 22. Kxf1 c6 23. g3 Bd6 24. h4 h6 25. Kg2 Ne7 26. Kf3 f5 27. Ne3 Kf6 28. Ng2 Ng6 29. b3 Rd8 30. Ne3 Ne7 31. Bd3 Bc7 32. g4 Rg8 33. Bxf5 Nxf5 34. Nxf5 h5 35. Ne3 Kg6 36. Rg1 Kh7 37. Rg2 Rg6 38. gxh5 Rf6+ 39. Ke2 Rf4 40. Rg4 Kh6 41. Rxf4 Bxf4 42. Kf3 1-0

[Event "CZE-chT2B 1617"]
[Site "Czech Republic"]
[Date "2016.12.11"]
[Round "5.3"]
[White "Krivanek, Vladimir"]
[Black "Pokorny, Petr"]
[Result "0-1"]
[WhiteElo "2096"]
[BlackElo "2173"]
[PlyCount "100"]
[EventDate "2016.10.09"]
[EventType "team-tourn"]
[EventRounds "11"]
[EventCountry "CZE"]
[SourceTitle "EXT 2022"]
[Source "ChessBase"]
[SourceDate "2021.10.06"]
[SourceVersion "1"]
[SourceVersionDate "2021.10.06"]
[SourceQuality "1"]
[WhiteTeam "Bakov nad Jizerou"]
[BlackTeam "Bartos Unichess II"]
[WhiteTeamCountry "CZE"]
[BlackTeamCountry "CZE"]

1. e4 e5 2. Nf3 Nf6 3. Be2 Nxe4 4. Nxe5 Qg5 5. Ng4 Nf6 6. d4 Qg6 7. Nxf6+ Qxf6 8. Nc3 Bb4 9. 0-0 Bxc3 10. bxc3 0-0 11. Rb1 b6 12. d5 d6 13. g4 Nd7 14. g5 Qd8 15. Rb4 Nc5 16. Be3 Bf5 17. Bg4 Qd7 18. Bxf5 Qxf5 19. Rf4 Qg6 20. h4 h5 21. Kh2 Rae8 22. Bd4 Re4 23. Rxe4 Qxe4 24. Qxh5 Re8 25. Rg1 Qf4+ 26. Rg3 Ne4 27. g6 Nxg3 28. Qh7+ Kf8 29. Qxg7+ Ke7 30. fxg3 Qf5 31. gxf7 Rf8 32. Qg5+ Qxg5 33. hxg5 Kxf7 34. Kh3 Kg6 35. Bf6 Re8 36. Kg4 b5 37. Kf3 Kf5 38. g4+ Kg6 39. Kf4 a5 40. Kf3 a4 41. Kf2 Re4 42. Kf1 Rc4 43. Ke2 Rc5 44. c4 Rxc4 45. Kd3 Rc5 46. Bd8 Rxd5+ 47. Kc3 Rc5+ 48. Kb4 c6 49. Be7 Rc4+ 50. Ka3 d5 0-1

[Event "CZE-chT rap"]
[Site "Pardubice"]
[Date "2016.07.15"]
[Round "3.3"]
[White "Pokorny, Petr"]
[Black "Belyakov, Bogdan"]
[Result "0-1"]
[WhiteElo "2201"]
[BlackElo "2488"]
[PlyCount "178"]
[EventDate "2016.07.14"]
[EventType "team-swiss"]
[EventRounds "7"]
[EventCountry "CZE"]
[SourceTitle "EXT 2017"]
[Source "ChessBase"]
[SourceDate "2016.10.25"]
[SourceVersion "1"]
[SourceVersionDate "2016.10.25"]
[SourceQuality "1"]
[WhiteTeam "Unichess II"]
[BlackTeam "Yamal"]
[WhiteTeamCountry "CZE"]
[BlackTeamCountry "RUS"]

1. d4 Nf6 2. Nf3 g6 3. Bf4 d6 4. h3 Bg7 5. e3 0-0 6. Bc4 Nfd7 7. c3 Nc6 8. 0-0 e5 9. dxe5 Ndxe5 10. Bd5 Nxf3+ 11. Qxf3 Ne5 12. Qe2 c6 13. Bb3 d5 14. Nd2 Bf5 15. e4 dxe4 16. Nxe4 Qd3 17. Rfe1 Qxe2 18. Rxe2 Nd3 19. Bd6 Rfe8 20. f3 Bxe4 21. fxe4 Rad8 22. Bg3 Nc5 23. Bc2 a6 24. Bf2 Ne6 25. g3 Bf8 26. Kg2 Bc5 27. Bb3 Bxf2 28. Rxf2 Rd7 29. Raf1 Nd8 30. Rf4 Kg7 31. R1f2 Ree7 32. h4 h6 33. Kf1 Rd3 34. Kg2 Rdd7 35. Kf1 Re5 36. Re2 Rde7 37. Rd2 Ne6 38. Bxe6 R5xe6 39. Kf2 f6 40. Rd4 g5 41. hxg5 hxg5 42. Rf3 Rxe4 43. Rxe4 Rxe4 44. Rd3 Kf7 45. Rd7+ Re7 46. Rd6 g4 47. Rd4 f5 48. Rd6 Ke8 49. Rh6 Kd7 50. b4 Re5 51. a3 a5 52. Rh7+ Kc8 53. Rf7 Kb8 54. c4 Ka7 55. Rf8 Kb6 56. Rf7 axb4 57. axb4 Re4 58. c5+ Ka6 59. Rxf5 Rxb4 60. Rf7 Rc4 61. Rg7 Re4 62. Rf7 Kb5 63. Rxb7+ Kxc5 64. Rb1 Kd5 65. Rd1+ Rd4 66. Rc1 c5 67. Ke3 Re4+ 68. Kd2 Ra4 69. Ke3 c4 70. Rh1 Kc5 71. Rh5+ Kb4 72. Rh8 Ra7 73. Rg8 Re7+ 74. Kf4 c3 75. Rb8+ Kc4 76. Rc8+ Kd3 77. Kxg4 c2 78. Kf5 Rf7+ 79. Kg6 Rf8 80. Rxc2 Kxc2 81. g4 Kd3 82. g5 Ke4 83. Kh7 Rf1 84. g6 Kf5 85. g7 Rh1+ 86. Kg8 Kg6 87. Kf8 Rf1+ 88. Kg8 Rf2 89. Kh8 Rh2+ 0-1